Zaměstnávání cizinců? Proč ne, ale nezapomeňte dodržet několik zlatých pravidel

Rady odborníka, v akých situáciách sa českým firmám oplatí zamestnávať cudzincov a ako na to.

Guardado en:
Detalles Bibliográficos
Formato: Capítulo de libro
Lenguaje:checo
Materias:
Etiquetas: Agregar Etiqueta
Sin Etiquetas, Sea el primero en etiquetar este registro!

MARC

LEADER 00000naa a2200000 4500
001 0220930
005 20231113135235.5
041 0 |a cze 
044 |a CZ 
245 1 0 |a Zaměstnávání cizinců? Proč ne, ale nezapomeňte dodržet několik zlatých pravidel 
520 |a Rady odborníka, v akých situáciách sa českým firmám oplatí zamestnávať cudzincov a ako na to. 
610 2 0 |a Česko 
610 2 0 |a zamestnávanie cudzincov